|
|
|
|
| LEADER |
01016nam a2200241 a 4500 |
| 001 |
GR-MES4705 |
| 008 |
991111s1997 gr 000 0 gre d |
| 040 |
|
|
|a GrPaTEI
|b gre
|c GR-PaULI
|
| 245 |
0 |
2 |
|a Η κωμωδία του Αριστοφάνη.
|
| 260 |
|
|
|a Αθήνα :
|b Μορφωτικό ιδρυμα Εθνικής τραπέζης,
|c 1997
|
| 300 |
|
|
|a 349σελ.
|
| 650 |
|
4 |
|a ΑΡΙΣΤΟΦΑΝΗΣ
|
| 650 |
|
4 |
|a Ελλάδα
|
| 650 |
|
4 |
|a Θέατρο
|
| 650 |
|
4 |
|a ΚΩΜΩΔΙΑ
|
| 650 |
|
4 |
|a Πολιτισμός
|z Ελλάς
|
| 700 |
1 |
|
|a Dover, K. J.
|q (Kenneth James),
|d 1920-2010
|
| 700 |
1 |
|
|a Κακριδής, Φάνης Ι.,
|d 1933-2019.
|
| 710 |
0 |
|
|a Μορφωτικό ιδρυμα Εθνικής τραπέζης
|
| 942 |
|
|
|2 ddc
|
| 952 |
|
|
|0 0
|1 0
|2 ddc
|4 0
|6 808_825000000000000_23_DOV
|7 0
|9 269336
|a MSLG
|b MSLG
|c BSC
|d 2021-01-17
|e 24
|f 1
|g 0.00
|l 0
|o 808.825 23 DOV
|p 2420000010458
|r 2021-01-17 00:00:00
|t 1
|w 2021-01-17
|y BK15
|x 19991111 0 1
|x GrPaTEI
|
| 971 |
|
|
|a .b25757519
|b 16-04-20
|c 13-09-16
|
| 999 |
|
|
|c 155375
|d 155375
|